Nature: facts, activities, fun / (Record no. 103854)
[ view plain ]
| 000 -LEADER | |
|---|---|
| fixed length control field | 00528nam a2200181 a 4500 |
| 005 - DATE AND TIME OF LATEST TRANSACTION | |
| control field | 20140412111309.0 |
| 008 - FIXED-LENGTH DATA ELEMENTS--GENERAL INFORMATION | |
| fixed length control field | 010417s19uu xx 00 eng d |
| 020 ## - INTERNATIONAL STANDARD BOOK NUMBER | |
| International Standard Book Number | 0-7496-1281-9 |
| 050 ## - LIBRARY OF CONGRESS CALL NUMBER | |
| Classification number | REF 574.5 |
| Item number | B87 1992 |
| 100 ## - MAIN ENTRY--PERSONAL NAME | |
| Personal name | Burgess, Lynne |
| 245 ## - TITLE STATEMENT | |
| Title | Nature: facts, activities, fun / |
| Statement of responsibility, etc | Lynne Burgess; illustrated by Patricia Papps. |
| 260 ## - PUBLICATION, DISTRIBUTION, ETC. (IMPRINT) | |
| Place of publication, distribution, etc | London : |
| Name of publisher, distributor, etc | Watts Books, |
| Date of publication, distribution, etc | 1992. |
| 300 ## - PHYSICAL DESCRIPTION | |
| Extent | 26p. ; ill. |
| 440 ## - SERIES STATEMENT/ADDED ENTRY--TITLE | |
| Title | Start Exploring |
| 650 ## - SUBJECT ADDED ENTRY--TOPICAL TERM | |
| Topical term or geographic name as entry element | Science activities |
| 650 ## - SUBJECT ADDED ENTRY--TOPICAL TERM | |
| Topical term or geographic name as entry element | Owl mask, making |
| Withdrawn status | Lost status | Damaged status | Home library | Current library | Shelving location | Date acquired | Source of acquisition | Cost, normal purchase price | Total Checkouts | Full call number | Barcode | Date last seen | Price effective from | Koha item type |
|---|---|---|---|---|---|---|---|---|---|---|---|---|---|---|
| Elizalde Library | Elizalde Library | Reference Section | 04/17/2001 | 325.00 | REF 574.5 B87 1992 | E6014 | 04/12/2014 | 04/12/2014 | Books |